00555nas a2200229 4500000000100000008004100001260001700042653001200059653002400071653001100095653002300106653001200129653002500141653001300166100001500179700001500194245005200209300001100261490000700272050003200279022001400311 2000 d c2000 Jul-Sep10aAnimals10aAntigens, Bacterial10aHumans10aLeprostatic Agents10aleprosy10aMycobacterium leprae10aResearch1 aKatoch V M1 aSharma V D00aRecent advances in the microbiology of leprosy. a363-790 v72 aInfolep Library - available a0254-9395